000 01066 a2200229 4500
003 Nust
005 20221111090849.0
010 _a 93028546
020 _a0471587427 (acid-free paper)
040 _cNust
082 0 0 _a512.5,ANT
100 1 _aAnton, Howard.
_98661
245 1 0 _aElementary linear algebra /
_cHoward Anton.
250 _a7th ed.
260 _aNew York :
_bJohn Wiley,
_cc1994.
300 _a1 v. (various pagings) :
_bill. (some col.) ;
_c24 cm.
505 _aSystems of Liner Equations and Matrics (Page-1), Determinants (Page-79), Vectors in 2 Space and 3-Space (Page-117), Euclidean Vector Spaces (Page-167), General Vector Spaces (Page-215), Inner Product Spaces (Page-287), Eigenvaluse Eigenvectors (Page-355), Additional Topics (Page-441), Complex Vector Spaces (Page-521).
650 0 _aAlgebras, Linear.
_910720
856 4 _3Publisher description
_uhttp://www.loc.gov/catdir/enhancements/fy0607/93028546-d.html
856 4 _3Table of Contents only
_uhttp://www.loc.gov/catdir/toc/onix04/93028546.html
942 _2ddc
_cBK
_k512.5,ANT
999 _c194757
_d194757